|
|
|
|
| LEADER |
01832nam a2200433 i 4500 |
| 001 |
EBC6819661 |
| 003 |
MiAaPQ |
| 005 |
20230118162230.0 |
| 006 |
m o d | |
| 007 |
cr cnu|||||||| |
| 008 |
230118s2022 njua ob 001 0 eng d |
| 020 |
|
|
|z 9781978814837
|q (print)
|
| 020 |
|
|
|a 9781978814868
|q (electronic bk.)
|
| 035 |
|
|
|a (MiAaPQ)EBC6819661
|
| 035 |
|
|
|a (Au-PeEL)EBL6819661
|
| 035 |
|
|
|a (OCoLC)1287129855
|
| 040 |
|
|
|a MiAaPQ
|b eng
|e rda
|e pn
|c MiAaPQ
|d MiAaPQ
|
| 043 |
|
|
|a n-us---
|
| 050 |
|
4 |
|a PN1993.5.U6
|b .A447 2022
|
| 082 |
0 |
|
|a 791.430973
|2 23
|
| 245 |
0 |
0 |
|a American cinema of the 2010s :
|b themes and variations /
|c edited by Dennis Bingham.
|
| 264 |
|
1 |
|a New Brunswick, New Jersey :
|b Rutgers University Press,
|c [2022]
|
| 264 |
|
4 |
|c Ã2022
|
| 300 |
|
|
|a 1 online resource (xiii, 318 pages) :
|b illustrations.
|
| 336 |
|
|
|a text
|b txt
|2 rdacontent
|
| 337 |
|
|
|a computer
|b c
|2 rdamedia
|
| 338 |
|
|
|a online resource
|b cr
|2 rdacarrier
|
| 490 |
1 |
|
|a Screen decades
|
| 504 |
|
|
|a Includes bibliographical references and index.
|
| 588 |
|
|
|a Description based on print version record.
|
| 590 |
|
|
|a Electronic reproduction. Ann Arbor, MI : ProQuest, 2018. Available via World Wide Web. Access may be limited to ProQuest affiliated libraries.
|
| 650 |
|
0 |
|a Motion pictures
|z United States
|x History.
|
| 650 |
|
0 |
|a Motion pictures
|z United States
|x Plots, themes, etc.
|
| 655 |
|
4 |
|a Electronic books.
|
| 700 |
1 |
|
|a Bingham, Dennis,
|d 1954-
|e editor.
|
| 776 |
0 |
8 |
|i Print version:
|t American cinema of the 2010s : themes and variations.
|d New Brunswick, New Jersey : Rutgers University Press, c2022
|h xiii, 318 pages
|k Screen decades.
|z 9781978814837
|
| 797 |
2 |
|
|a ProQuest (Firm)
|
| 830 |
|
0 |
|a Screen decades.
|
| 856 |
4 |
0 |
|u https://ebookcentral.proquest.com/lib/matrademy/detail.action?docID=6819661
|z Click to View
|